Fr. Conceicao Rodrigues College of Engineering

Java XML and JSON (Record no. 35909)

MARC details
000 -LEADER
fixed length control field 00260 a2200121 4500
000 - LEADER
fixed length control field nam a22 7a 4500
020 ## - INTERNATIONAL STANDARD BOOK NUMBER
International Standard Book Number 9781484277058
100 ## - MAIN ENTRY--PERSONAL NAME
Personal name Friesen, Jeff
9 (RLIN) 71
245 ## - TITLE STATEMENT
Title Java XML and JSON
250 ## - EDITION STATEMENT
Edition statement 2
260 ## - PUBLICATION, DISTRIBUTION, ETC.
Name of publisher, distributor, etc. Apress
Date of publication, distribution, etc. 2019
264 ## - PRODUCTION, PUBLICATION, DISTRIBUTION, MANUFACTURE, AND COPYRIGHT NOTICE
Name of producer, publisher, distributor, manufacturer Apress

No items available.